[Event "AUTO-OPEN-2019"]
[Site "http://www.queenalice.com/game.php?id=794538"]
[Date "2010.6.24"]
[Round "1"]
[White "parajas01"]
[Black "bassoandre"]
[Result "1-0"]
[WhiteElo "2107"]
[BlackElo "1912"]

1. d4 Nf6 2. c4 e5 3. e3 exd4 4. exd4 c6 5. Nf3 d5 6. Nc3 Bb4 7. a3 Ba5 8. Be2
O-O 9. b4 Bc7 10. h3 Bf5 11. O-O Nbd7 12. Bb2 Ne4 13. cxd5 Nxc3 14. Bxc3 cxd5
15. Rc1 Rc8 16. Qa4 a6 17. b5 axb5 18. Qxb5 Nb6 19. Ba5 Qd6 20. Bb4 Qd7 21. Bxf8
Kxf8 22. Ne5 Qxb5 23. Bxb5 Bxe5 24. Rxc8+ Bxc8 25. dxe5 Ke7 26. a4 Ke6 27. f4 g6
28. Rc1 h6 29. a5 Nd7 30. Rxc8 1-0

[Event "AUTO-OPEN-2019"]
[Site "http://www.queenalice.com/game.php?id=794539"]
[Date "2010.6.24"]
[Round "1"]
[White "bassoandre"]
[Black "parajas01"]
[Result "0-1"]
[WhiteElo "1912"]
[BlackElo "1897"]

1. e4 c5 2. Nf3 Nc6 3. d4 cxd4 4. Nxd4 d6 5. Be3 Nf6 6. Nc3 e6 7. Bb5 Bd7 8. O-O
a6 9. Bxc6 Bxc6 10. Nxc6 bxc6 11. Qd2 Be7 12. f3 O-O 13. Rad1 d5 14. exd5 cxd5
15. f4 Bb4 16. Qd3 Bxc3 17. Qxc3 Ne4 18. Qd3 Qc7 19. Bd4 Rfc8 20. c3 Rab8 21.
Rb1 Rb7 22. Qxa6 Nd2 23. Be5 Qc6 24. Qd3 Nxf1 25. Qxf1 Ra8 26. a3 Qb5 27. Qf2
Rxa3 28. h3 Ra2 0-1

[Event "Challenge"]
[Site "http://www.queenalice.com/game.php?id=802989"]
[Date "2010.7.13"]
[Round "-"]
[White "EdoVillarroel"]
[Black "parajas01"]
[Result "0-1"]
[WhiteElo "1744"]
[BlackElo "2136"]

1. e4 c5 2. c3 Nf6 3. e5 Nd5 4. d4 cxd4 5. Nf3 e6 6. Bc4 Nb6 7. Bb3 dxc3 8. Nxc3
Be7 9. O-O O-O 10. Be3 Nc6 11. Rc1 d6 12. exd6 Bxd6 13. Ne4 Bc7 14. Qxd8 Rxd8
15. Rfd1 Bd7 16. Bg5 Re8 17. Be3 Rad8 18. h4 Bc8 19. Nfg5 Rxd1+ 20. Rxd1 Rd8 21.
Rxd8+ Bxd8 22. Nf3 Na5 23. Bd1 Nac4 24. Bd4 Bc7 25. Be2 Na5 26. b3 Nd5 27. g3
Nc6 28. Bb2 Na5 29. Nfd2 a6 30. Nc4 b5 31. Ne5 Bb7 32. Nc5 Bc8 33. b4 Nxb4 34.
Bc3 Nd5 35. Bd2 Bxe5 36. Bxa5 Nc3 37. Bd3 Nxa2 38. f4 Bd4+ 0-1

[Event "Challenge"]
[Site "http://www.queenalice.com/game.php?id=803000"]
[Date "2010.7.13"]
[Round "-"]
[White "parajas01"]
[Black "EdoVillarroel"]
[Result "1-0"]
[WhiteElo "2144"]
[BlackElo "1901"]

1. e4 e6 2. d4 d5 3. exd5 exd5 4. Nf3 Nf6 5. h3 Bd6 6. Bg5 h6 7. Bxf6 Qxf6 8.
Bd3 O-O 9. O-O Re8 10. Nbd2 Nc6 11. c3 Be6 12. Qb3 b6 13. Bb5 Na5 14. Qa4 Re7
15. b4 a6 16. Bd3 Nb7 17. Bxa6 Bd7 18. b5 Nd8 19. Qb3 c6 20. bxc6 Rxa6 21. cxd7
Rxd7 22. a4 Nc6 23. Qb5 Raa7 24. Kh1 Bc7 25. Rfe1 Kf8 26. c4 Ra5 27. Qb1 dxc4
28. Nxc4 Rf5 29. Nxb6 Bxb6 30. Qxb6 Nxd4 31. Qb4+ Kg8 32. Nxd4 Rxd4 33. Qb8+ Kh7
34. f3 Qh4 35. Qb1 g6 36. Qc2 Rff4 37. a5 Ra4 38. a6 Rxa1 39. Rxa1 Rc4 40. Qe2
Qd4 41. Qf1 Ra4 42. Rxa4 Qxa4 43. Qe2 Qa3 44. Qb5 g5 45. Qc4 Kg7 46. Qd4+ Kg6
47. a7 f5 48. Qb6+ Kh5 49. g4+ fxg4 50. hxg4+ 1-0

[Event "pretas"]
[Site "http://www.queenalice.com/game.php?id=805180"]
[Date "2010.7.18"]
[Round "-"]
[White "parajas01"]
[Black "paloberto"]
[Result "0-1"]
[WhiteElo "2143"]
[BlackElo "2111"]

1. e4 c5 2. Nf3 Nc6 3. d4 cxd4 4. Nxd4 Nf6 5. Nc3 e5 6. Nb3 Bb4 7. Bd3 d5 8.
exd5 Nxd5 9. Bd2 a5 10. Nxd5 Qxd5 11. O-O O-O 12. Qe2 Bxd2 13. Nxd2 Be6 14. Bc4
Nd4 15. Qd3 Qc5 16. Bxe6 Nxe6 17. Nf3 Rfd8 18. Qb3 b5 19. a4 b4 20. Rfe1 Rac8
21. Rac1 Nd4 22. Qe3 f6 23. c3 Nb3 24. Rc2 Qc6 25. Nd2 Nxd2 26. Rxd2 Rxd2 0-1

[Event "AUTO-ADV-1837"]
[Site "http://www.queenalice.com/game.php?id=805224"]
[Date "2010.7.18"]
[Round "1"]
[White "RobertD"]
[Black "parajas01"]
[Result "0-1"]
[WhiteElo "1918"]
[BlackElo "2001"]

1. d4 d5 2. e3 Nf6 3. c4 e6 4. c5 b6 5. b4 a5 6. Bb5+ Bd7 7. Qa4 Bxb5 8. Qxb5+
Qd7 9. Qxd7+ Nbxd7 10. c6 Bxb4+ 11. Bd2 Nb8 12. a3 Be7 13. Nc3 Nxc6 14. Rc1 Bxa3
0-1

[Event "AUTO-ADV-1837"]
[Site "http://www.queenalice.com/game.php?id=805225"]
[Date "2010.7.18"]
[Round "1"]
[White "parajas01"]
[Black "RobertD"]
[Result "1-0"]
[WhiteElo "2064"]
[BlackElo "1918"]

1. e4 e5 2. Nf3 d6 3. d4 exd4 4. Nxd4 Nf6 5. Nc3 Be7 6. Bc4 O-O 7. O-O Nc6 8.
Be3 a6 9. a4 Nxd4 10. Bxd4 c5 11. Be3 Be6 12. b3 Qc7 13. h3 Qc6 14. Nd5 Bd8 15.
Bg5 Nxe4 16. Bxd8 Bxd5 17. Bxd5 Nc3 18. Bxc6 Nxd1 19. Be7 bxc6 20. Bxf8 1-0

[Event "AUTO-ADV-1837"]
[Site "http://www.queenalice.com/game.php?id=805236"]
[Date "2010.7.18"]
[Round "1"]
[White "bongo12"]
[Black "parajas01"]
[Result "1-0"]
[WhiteElo "1741"]
[BlackElo "1935"]

1. e4 c5 2. Nf3 Nc6 3. d4 cxd4 4. Nxd4 d6 5. Bb5 Bd7 6. O-O e5 7. Nb3 Nf6 8. Nc3
a6 9. Bd3 b5 10. Bg5 Be6 11. Kh1 Rc8 12. Re1 Be7 13. a3 Nxe4 14. Nxe4 Bxg5 15.
Bxb5 axb5 16. Nxd6+ 1-0

[Event "AUTO-ADV-1837"]
[Site "http://www.queenalice.com/game.php?id=805237"]
[Date "2010.7.18"]
[Round "1"]
[White "parajas01"]
[Black "bongo12"]
[Result "0-1"]
[WhiteElo "1911"]
[BlackElo "1765"]

1. d4 d5 2. c4 e6 3. Nc3 c6 4. e3 Nf6 5. Nf3 dxc4 6. Bxc4 b5 7. Bd3 Nbd7 8. O-O
a6 9. a3 Bb7 10. b4 Nd5 11. Bb2 Nxc3 12. Bxc3 Be7 13. Rc1 O-O 14. Bb2 a5 15. Qb3
Nf6 16. Ne5 Re8 17. Nxc6 Bxc6 0-1

[Event "AUTO-ADV-1837"]
[Site "http://www.queenalice.com/game.php?id=805244"]
[Date "2010.7.18"]
[Round "1"]
[White "parajas01"]
[Black "diego2907"]
[Result "1-0"]
[WhiteElo "2082"]
[BlackElo "1815"]

1. d4 d5 2. c4 dxc4 3. Nc3 Bf5 4. e4 Bg6 5. Bxc4 e6 6. Nf3 Bb4 7. Qa4+ Nc6 8. d5
Bxc3+ 9. bxc3 exd5 10. exd5 Qe7+ 11. Be3 Be4 12. dxc6 Bxc6 13. Bb5 Qe6 14. Nd4
Qe4 15. Bxc6+ bxc6 16. Nxc6 Kf8 17. Qxe4 Re8 18. Bc5+ Ne7 19. Nxe7 g6 20. Nf5+
Re7 21. Qxe7+ Kg8 22. Qe8# 1-0

[Event "AUTO-ADV-1837"]
[Site "http://www.queenalice.com/game.php?id=805245"]
[Date "2010.7.18"]
[Round "1"]
[White "diego2907"]
[Black "parajas01"]
[Result "1-0"]
[WhiteElo "1792"]
[BlackElo "2018"]

1. e4 c5 2. Bc4 e6 3. d3 d6 4. a3 Nf6 5. Bg5 Be7 6. h3 Nc6 7. Nf3 O-O 8. Bxf6
Bxf6 9. c3 a6 10. Nbd2 b5 11. Ba2 Bb7 12. O-O d5 13. exd5 exd5 14. d4 cxd4 15.
cxd4 Nxd4 16. Nxd4 Bxd4 17. Nf3 Bxb2 18. Rb1 Bxa3 19. Rb3 Be7 20. Re1 Bf6 21.
Rd3 Qb6 22. Bxd5 Bxd5 23. Rxd5 Rad8 24. Rxd8 1-0

[Event "AUTO-OPEN-2045"]
[Site "http://www.queenalice.com/game.php?id=805311"]
[Date "2010.7.19"]
[Round "1"]
[White "SerialChess"]
[Black "parajas01"]
[Result "1-0"]
[WhiteElo "2142"]
[BlackElo "2091"]

1. e4 c5 2. Nf3 Nc6 3. c3 d6 4. h3 Nf6 5. Bd3 e6 6. O-O Be7 7. Na3 O-O 8. Bc2
Bd7 9. Qe2 a6 10. Nc4 b5 11. Ne3 Qc7 12. b3 Rfe8 13. Bb2 Rad8 14. a4 Rb8 15.
axb5 axb5 16. d4 cxd4 17. Nxd4 Nxd4 18. cxd4 Qb7 19. f3 b4 20. e5 Nh5 21. Nc4 d5
22. Qd3 g6 23. Nd6 Bxd6 24. exd6 Bb5 25. Qe3 Bxf1 26. Rxf1 Red8 27. Qe5 Qc6 28.
Bd3 Qxd6 29. Qg5 Qg3 30. Qg4 Ra8 31. Qxg3 Nxg3 32. Rf2 Ra2 33. Kh2 Nf5 34. Bb1
Ra7 35. Rc2 Raa8 36. g4 1-0

[Event "AUTO-OPEN-2045"]
[Site "http://www.queenalice.com/game.php?id=805312"]
[Date "2010.7.19"]
[Round "1"]
[White "parajas01"]
[Black "SerialChess"]
[Result "0-1"]
[WhiteElo "2112"]
[BlackElo "2066"]

1. e4 c5 2. Nf3 d6 3. d4 cxd4 4. Nxd4 a6 5. Nc3 Nf6 6. Be3 e5 7. Nb3 Be7 8. Qd2
O-O 9. Bd3 Nc6 10. f3 Nb4 11. O-O-O a5 12. Kb1 a4 13. Nc1 a3 14. b3 Be6 15. g4
d5 16. exd5 Nfxd5 17. Nxd5 Bxd5 18. Be2 Bc6 19. Qxd8 Rfxd8 20. c3 Nd5 21. Bd2 e4
22. Rhf1 e3 23. Be1 Nf4 24. Bg3 Nxe2 25. Rxd8+ Rxd8 26. Nxe2 Bb5 27. c4 Bc6 28.
Nc3 Rd2 29. Ne4 Bxe4+ 30. fxe4 e2 31. Re1 Rb2+ 32. Ka1 Bb4 33. Rc1 Bd2 34. Rh1
Bc3 0-1

[Event "AUTO-OPEN-2045"]
[Site "http://www.queenalice.com/game.php?id=805341"]
[Date "2010.7.19"]
[Round "1"]
[White "parajas01"]
[Black "Marivaldo"]
[Result "1-0"]
[WhiteElo "2171"]
[BlackElo "1876"]

1. e4 d5 2. exd5 Qxd5 3. Nc3 Qd8 4. Nf3 Bg4 5. Be2 e6 6. d3 c6 7. O-O Bb4 8. Bd2
Ba5 9. a3 h6 10. h3 Bh5 11. Re1 Bc7 12. Ne4 Nf6 13. Ng3 Bg6 14. Nf1 Bb6 15. Ne3
Bc7 16. d4 Bh5 17. c3 Nd5 18. Qb3 b6 19. a4 Nxe3 20. fxe3 Qd6 21. e4 Bxf3 22.
Bxf3 Qh2+ 23. Kf1 Bf4 24. Bxf4 Qxf4 25. e5 h5 26. Kg1 g5 27. Qd1 g4 28. hxg4
hxg4 29. Bxg4 Qh2+ 30. Kf2 Qh4+ 31. g3 Qg5 32. Bf3 Qf5 33. Rg1 Kd7 34. Qe2 Kc7
35. Qe4 Rh2+ 36. Rg2 Rxg2+ 37. Kxg2 Qxe4 38. Bxe4 Nd7 39. Rf1 Rf8 40. g4 c5 41.
Kg3 Kd8 42. g5 Ke7 43. Kg4 Rg8 44. Kh5 Rh8+ 45. Kg4 Rh2 46. Rb1 cxd4 47. cxd4
Rd2 48. Kf4 Rxd4 49. b4 Nf8 50. a5 b5 51. Ke3 Rd8 52. Rc1 a6 53. Bb7 Rd7 54.
Bxa6 Ra7 55. Rc6 Nd7 56. Ke4 Nb8 57. Bxb5 Nxc6 58. Bxc6 Kd8 59. Kd4 Kc7 60. Kc5
Ra6 61. Be8 Kb7 62. Bxf7 Rc6+ 63. Kb5 Rc3 64. Bxe6 Rg3 65. Bd5+ Ka7 66. e6 Rxg5
67. Kc6 Re5 68. Kd6 Re3 69. e7 Ka6 70. Bc4+ Kb7 71. Kd7 Re1 72. e8=Q 1-0

[Event "AUTO-OPEN-2045"]
[Site "http://www.queenalice.com/game.php?id=805342"]
[Date "2010.7.19"]
[Round "1"]
[White "Marivaldo"]
[Black "parajas01"]
[Result "0-1"]
[WhiteElo "1886"]
[BlackElo "2160"]

1. d4 d5 2. Bf4 Nf6 3. Nc3 e6 4. a3 Be7 5. e3 O-O 6. h4 b6 7. g4 c5 8. Nb5 Na6
9. g5 Ne8 10. Be2 c4 11. Nf3 Bd7 12. Nc3 Nac7 13. b3 b5 14. b4 a5 15. Na2 axb4
16. Nxb4 Rxa3 17. Rb1 Qa8 18. O-O Qa5 19. c3 Rxc3 20. Ne5 Bxb4 21. Nxd7 Bd6 22.
Bxd6 Nxd6 23. Nxf8 Kxf8 24. Ra1 Ra3 25. Rb1 b4 26. Rb2 Ndb5 27. Qd2 c3 28. Qc2
cxb2 29. Bxb5 Nxb5 30. Qc8+ Ke7 31. Qg8 Ra1 32. Qxg7 Rxf1+ 33. Kxf1 b1=Q+ 34.
Kg2 Qe4+ 0-1

[Event "AUTO-OPEN-2045"]
[Site "http://www.queenalice.com/game.php?id=805343"]
[Date "2010.7.19"]
[Round "1"]
[White "parajas01"]
[Black "Boeing"]
[Result "0-1"]
[WhiteElo "2043"]
[BlackElo "1952"]

1. e4 e5 2. Nf3 d6 3. d4 exd4 4. Nxd4 c5 5. Nb3 h5 6. Be2 g6 7. c4 Bg7 8. O-O
Nf6 9. e5 Ne4 10. exd6 Nxd6 11. Nxc5 Qb6 12. Nb3 Nf5 13. c5 Qc6 14. Bf3 Qc7 15.
Re1+ Ne7 16. Qe2 Be6 17. Qb5+ Nbc6 18. Na5 O-O 19. Nxc6 bxc6 20. Qe2 Rfe8 21.
Nd2 Nf5 0-1

[Event "AUTO-OPEN-2045"]
[Site "http://www.queenalice.com/game.php?id=805344"]
[Date "2010.7.19"]
[Round "1"]
[White "Boeing"]
[Black "parajas01"]
[Result "1-0"]
[WhiteElo "1930"]
[BlackElo "2071"]

1. e4 c5 2. c4 Nc6 3. Nf3 d6 4. h3 Nf6 5. d3 e6 6. Bg5 Be7 7. Nc3 O-O 8. Bxf6
Bxf6 9. Be2 b6 10. O-O Bb7 11. a3 Ne7 12. Re1 d5 13. e5 Bxe5 14. Nxe5 dxc4 15.
Nxc4 Nd5 16. Nxd5 exd5 17. Ne5 1-0